000 00766nam a2200253Ia 4500
003 OSt
005 20221005103746.0
006 a|||||r|||| 00| 0
007 ta
008 221004b |||||||| |||| 00| 0 hin d
024 _a34077
037 _cTextual
040 _aCRL
_cCRL
_bhin
041 _2hin
_ahin
082 _aO152,3N2911,LA, N7
100 _aशुक्ल, कमल
245 0 _aलज्जावती
246 _aLajjāvatī
260 _aदिल्ली
_bआधुनिक प्रकाशन भारत
_c1997
300 _a96पृ0
_ccm.
650 _aहिन्दी साहित्य
942 _hO152,3N2911,LA, N7
_cTEXL
_2cc
999 _c1010821
_d1010821